000 00325nam a22001337a 4500
008 181204b xxu||||| |||| 00| 0 eng d
020 _a9781430216261
041 _aeng
080 _a004
100 _a39
101 _aSHK
245 _aBeginnig Iphone Development Exploring The Iphone Sdk
_cMark d
942 _2udc
_cBK
999 _c52789
_d52789